Danmarks regering 10. oktober 2014 - Statistics

General Stats
  • This quiz has been taken 53 times
  • The average score is 8 of 20
Answer Stats
Hint Answer % Correct
Statsminister Helle Thorning-Schmidt
100%
Finansminister Bjarne Corydon
67%
Justitsminister Mette Frederiksen
58%
Økonomi- og indenrigsminister Morten Østergaard
58%
Undervisningsminister Christine Antorini
53%
Minister for børn, ligestilling, integration og sociale forhold Manu Sareen
47%
Erhvervs- og vækstminister Henrik Sass Larsen
42%
Udenrigsminister Martin Lidegaard
39%
Minister for sundhed og forebyggelse Nick Hækkerup
39%
Minister for fødevarer, landbrug og fiskeri Dan Jørgensen
36%
Kulturminister og kirkeminister Marianne Jelved
36%
Forsvarsminister Nicolai Wammen
31%
Transportminister Magnus Heunicke
25%
Uddannelses- og forskningsminister Sofie Carsten Nielsen
25%
Skatteminister Benny Engelbrecht
22%
Klima-, energi- og bygningsministerMinister for by, bolig og landdistrikter og minister for nordisk samarbejde Carsten Hansen
19%
Miljøminister Kirsten Brosbøl
17%
Handels- og udviklingsminister Mogens Jensen
17%
Klima-, energi- og bygningsminister Rasmus Helveg Petersen
17%
Beskæftigelsesminister Henrik Dam Kristensen
14%
No matching quizzes found
Score Distribution
Percent of People with Each Score
Percentile by Number Answered
Your Score History
You have not taken this quiz